Statistics for Countries of the Russian Empire

Click here to take the quiz!

General Stats

  • This quiz has been taken 2,544 times
  • The average score is 19 of 21

Answer Stats

Country% Correct
Ukraine
97%
Estonia
96%
Latvia
96%
Lithuania
96%
Kazakhstan
95%
Belarus
94%
Finland
94%
Poland
93%
Armenia
92%
Azerbaijan
92%
Georgia
92%
Turkmenistan
91%
Uzbekistan
91%
Tajikistan
90%
Kyrgyzstan
89%
Mongolia
89%
Moldova
87%
Russia
87%
China
81%
Turkey
77%
United States (Alaska)
65%

Score Distribution

Percentile by Number Answered

Percent of People with Each Score

Your Score History

You have not taken this quiz